LEADER 02084nam0 2200445 i 450 001 VAN00101365 005 20240806100717.234 010 $a978-14-419-7441-9 100 $a20150410d2011 |0itac50 ba 101 $aeng 102 $aUS 105 $a|||| ||||| 200 1 $aˆA ‰Cp-theory problem book$etopological and function spaces$fVladimir V. Tkachuk 210 $aNew York$cSpringer$d2011 215 $aXV, 485 p.$d24 cm 410 1$1001VAN00023582$12001 $aProblem books in mathematics$1210 $aNew York [etc.]$cSpringer$d1981- 500 1$3VAN00241833$aˆA ‰Cp-theory problem book. Topological and function spaces$92920556 606 $a54C35$xFunction spaces in general topology [MSC 2020]$3VANC024193$2MF 610 $aCompactness$9KW:K 610 $aCp-theory$9KW:K 610 $aFunction spaces$9KW:K 610 $aGeneral topology$9KW:K 610 $aMetrizability$9KW:K 610 $aOpen Problems$9KW:K 610 $aPoint-set topology$9KW:K 610 $aPointwise convergence$9KW:K 620 $aUS$dNew York$3VANL000011 700 1$aTkachuk$bVladimir V.$3VANV079235$0511073 712 $aSpringer $3VANV108073$4650 790 1$aTkachuk, Vladimir Vladimirovich$zTkachuk, Vladimir V.$3VANV236407 790 1$aTkachuk, V. V.$zTkachuk, Vladimir V.$3VANV236408 790 1$aTkachuk, V.V.$zTkachuk, Vladimir V.$3VANV236409 790 1$aTka?uk, Vladimir Vladimirovi?$zTkachuk, Vladimir V.$3VANV236410 801 $aIT$bSOL$c20241122$gRICA 856 4 $u/sebina/repository/catalogazione/documenti/Tkachuk - A Cp-theory problem book. topological and function spaces.pdf$zTkachuk - A Cp-theory problem book. topological and function spaces.pdf 899 $aBIBLIOTECA DEL DIPARTIMENTO DI MATEMATICA E FISICA$1IT-CE0120$2VAN08 912 $aVAN00101365 950 $aBIBLIOTECA DEL DIPARTIMENTO DI MATEMATICA E FISICA$d08PREST 54-XX 4428 $e08DMF34 II 20150714 $sBuono 996 $aCp-theory problem book. Topological and function spaces$92920556 997 $aUNICAMPANIA LEADER 01131nam0 2200313 i 450 001 VAN00035152 005 20240806100357.819 010 $a88-339-5035-2 100 $a20050401r2000 |0itac50 ba 101 $aita 102 $aIT 105 $a|||| ||||| 200 1 $aAlgebra lineare$fSerge Lang 205 $aristampa 210 $aTorino$cBoringhieri$d2000 215 $a372 p.$cill.$d21 cm 500 1$3VAN00078932$aLinear algebra$914745 606 $aAlgebra moderna$3VANC015653$2FI 620 $dTorino$3VANL000001 676 $a512.8$v21 700 1$aLang$bSerge$3VANV014141$01160 712 $aBoringhieri $3VANV108699$4650 790 1$aLang, S.$zLang, Serge$3VANV256279 801 $aIT$bSOL$c20260220$gRICA 912 $aVAN00035152 950 $aBIBLIOTECA DEL DIPARTIMENTO DI INGEGNERIA$d05CONS D 434 $e05 3415 20050401 950 $aBIBLIOTECA DEL DIPARTIMENTO DI INGEGNERIA$d05PREST D 435 $e05 3416 20050401 996 $aLinear algebra$914745 997 $aUNICAMPANIA